00399nam a2200145Ia 4500008004100000020001500041041001200056082001600068100001700084245007600101250000800177260004400185300000900229650001500238221030s9999 xx 000 0 und d a0194314456 aEnglish a105.23bHor aA. S. Hornby 0aOxford Advanced Learner`s Dictonary of Current Englishcby A. S. Hornby a5th bOxfor University PressaNew Delhic1999 a1475 aDictionary